书目信息 |
| 题名: |
中国少年儿童百科全书
|
|
| 作者: | 赵岩 主编 | |
| 分册: | 艺术百科 | |
| 出版信息: | 长春 北方妇女儿童出版社 2017 |
|
| 页数: | 121页 | |
| 开本: | 24cm | |
| 丛书名: | ||
| 单 册: | ||
| 中图分类: | H125.4 , Z228.1 , J-49 | |
| 科图分类: | ||
| 主题词: | 汉语拼音--儿童读物 , 科学知识--儿童读物 , 艺术--儿童读物 | |
| 电子资源: | ||
| ISBN: | 978-7-5585-0473-0 | |
| 000 | 01010nam0 2200289 450 | |
| 001 | 3692 | |
| 005 | 20180527175055.76 | |
| 010 | @a978-7-5585-0473-0@dCNY21.80 | |
| 100 | @a20171018d2017 cemy0chiy50 ea | |
| 101 | 0 | @achi |
| 102 | @aCN@b220100 | |
| 105 | @aa z 000yy | |
| 200 | 1 | @a中国少年儿童百科全书@9zhong guo shao nian er tong bai ke quan shu@i艺术百科@f赵岩主编 |
| 210 | @a长春@c北方妇女儿童出版社@d2017 | |
| 215 | @a121页@c彩图@d24cm | |
| 300 | @a彩图注音版 | |
| 330 | @a本书配以精美的图片分别从音乐、建筑、绘画等各方面介绍了艺术知识,并且配有精美的图片,让人赏心悦目。打开这本配以精美插图的百科全书,就如同踏上一场惊奇的旅程,可以带领孩子们去探索身边世界的奥秘,激发他们对科学求知欲。 | |
| 517 | 1 | @a艺术百科@9yi shu bai ke |
| 606 | 0 | @a汉语拼音@j儿童读物 |
| 606 | 0 | @a科学知识@j儿童读物 |
| 606 | 0 | @a艺术@j儿童读物 |
| 690 | @aH125.4@v5 | |
| 690 | @aZ228.1@v5 | |
| 690 | @aJ-49@v5 | |
| 701 | 0 | @a赵岩@9Zhao Yan@4主编 |
| 801 | 0 | @aCN@b91MARC@c20171018 |
| 905 | @aMuseLib@dH125.4@e37 | |
| 中国少年儿童百科全书.艺术百科/赵岩主编.-长春:北方妇女儿童出版社,2017 |
| 121页:彩图;24cm |
| 彩图注音版 |
| ISBN 978-7-5585-0473-0:CNY21.80 |
| 本书配以精美的图片分别从音乐、建筑、绘画等各方面介绍了艺术知识,并且配有精美的图片,让人赏心悦目。打开这本配以精美插图的百科全书,就如同踏上一场惊奇的旅程,可以带领孩子们去探索身边世界的奥秘,激发他们对科学求知欲。 |
| ● |
| 相关链接 |
|
|
|
|
正题名:中国少年儿童百科全书
索取号:H125.4/37
 
预约/预借
| 序号 | 登录号 | 条形码 | 馆藏地/架位号 | 状态 | 备注 |
| 1 | 1110236 | 211102368 | 第二样本阅览室/ [索取号:H125.4/37] | 在馆 | |
| 2 | 1110237 | 211102377 | 教育系资料室/ [索取号:H125.4/37] | 在馆 | |
| 3 | 1110238 | 211102386 | 教育系资料室/ [索取号:H125.4/37] | 在馆 | |
| 4 | 1110239 | 211102395 | 第四借阅区/ [索取号:H125.4/37] | 在馆 |